पटकथा तथा संवाद लेखन (Record no. 1474587)
[ view plain ]
| 000 -LEADER | |
|---|---|
| fixed length control field | 01232 a2200241 4500 |
| 005 - DATE AND TIME OF LATEST TRANSACTION | |
| control field | 20260225153104.0 |
| 008 - FIXED-LENGTH DATA ELEMENTS--GENERAL INFORMATION | |
| fixed length control field | 260225b |||||||| |||| 00| 0 eng d |
| 020 ## - INTERNATIONAL STANDARD BOOK NUMBER | |
| International Standard Book Number | 9789381350874 (hbk) |
| 037 ## - SOURCE OF ACQUISITION | |
| Terms of availability | TB |
| 040 ## - CATALOGING SOURCE | |
| Original cataloging agency | CRL |
| Transcribing agency | CRL |
| 041 ## - LANGUAGE CODE | |
| Source of code | hin |
| Language code of text/sound track or separate title | hin |
| 084 ## - COLON CLASSIFICATION NUMBER | |
| Classification number | NW44 152Q6 |
| Assigning agency | CRL |
| 100 ## - MAIN ENTRY--PERSONAL NAME | |
| Personal name | कुमार, अनिरुद्ध 'सुधांशु' & सिंह, मृत्युंजय सिंह |
| 9 (RLIN) | 875962 |
| 245 ## - TITLE STATEMENT | |
| Title | पटकथा तथा संवाद लेखन |
| 260 ## - PUBLICATION, DISTRIBUTION, ETC. | |
| Name of publisher, distributor, etc. | श्री नटराज प्रकाशन, |
| Date of publication, distribution, etc. | 2016. |
| Place of publication, distribution, etc. | दिल्ली, भारत: |
| 300 ## - PHYSICAL DESCRIPTION | |
| Extent | 128पृ. |
| 365 ## - TRADE PRICE | |
| Price amount | 100.00 |
| Currency code | INR |
| 650 ## - SUBJECT ADDED ENTRY--TOPICAL TERM | |
| Topical term or geographic name entry element | ललित कला |
| 9 (RLIN) | 1116649 |
| 650 ## - SUBJECT ADDED ENTRY--TOPICAL TERM | |
| Topical term or geographic name entry element | सिनेमा |
| 9 (RLIN) | 1116650 |
| 700 ## - ADDED ENTRY--PERSONAL NAME | |
| Personal name | कुमार, अनिरुद्ध 'सुधांशु' |
| Relator term | सम्पादक |
| 9 (RLIN) | 1116651 |
| 942 ## - ADDED ENTRY ELEMENTS (KOHA) | |
| Koha item type | Textbook |
| Source of classification or shelving scheme | Colon Classification (CC) |
| Classification part | NW44 152Q6 |
| Withdrawn status | Lost status | Source of classification or shelving scheme | Damaged status | Not for loan | Home library | Current library | Date acquired | Source of acquisition | Cost, normal purchase price | Inventory number | Total Checkouts | Full call number | Barcode | Date last seen | Cost, replacement price | Price effective from | Koha item type |
|---|---|---|---|---|---|---|---|---|---|---|---|---|---|---|---|---|---|
| Colon Classification (CC) | Central Library | Central Library | 2026-01-20 | 117/ एकैडमिक पब्लिकेशन्स | 80.00 | IN-00100 & 2026-01-17 | NW44 152Q6 | CL1925483 | 2026-01-20 | 100.00 | 2026-01-20 | Textbook |
